01152nam a2200265 i 4500003000900000005001700009007000300026008004100029040003000070041000800100082001900108110011100127245013100238264006400369300002500433336002700458337003300485338002800518590002700546910001400573942001400587952013100601952013700732999001700869DO-SdBNP20250701083956.0ta250701t1998 dr 000 0 spa d aDO-SdBNPbspacBNPHUerda hspa axxxxbR4262221 aRepública Dominicana. bProcuraduría General de la República. Departamento de la Corrupción98822413aPlan estratégico nacional de prevención de la corrupción :b(aprobado por la conferencia nacional de noviembre del 1997) aSanto Domingo :bProcuraduría General de Justicia,c1998. a53 páginasc21 cm. atextobtxt2rdacontent asin mediaciónbn2rdamedia avolumenbnc2rdacarrier aInventariado, 2025/ YL aYLockward 2ddccLBS1 00102ddc51708PDaBNPHUbBNPHUcCTd2016-07-01eDonación l0oBNPHU PD xxxx R426p2025-5981r2025-07-01w2025-07-01yLBS1 00102ddc51708PDaBNPHUbBNPHUcCTd2016-07-01eDonación l0oBNPHU PD xxxx R426p2025-5982r2025-07-01te. 2w2025-07-01yLBS1 c59405d59405